000 00681nam a2200253Ia 4500
003 OSt
005 20221006143245.0
006 a|||||r|||| 00| 0
007 ta
008 221006b |||||||| |||| 00| 0 eng d
020 _a0706906209
_c50.00
024 _a8,467
037 _cTextual
040 _aEASL
_cEASL
_beng
041 _2eng
_aeng
082 _aZ2,1948vN7, L8
100 _aChaturvedi M. S.
_9649503
245 0 _aHistory of the Indian Air Force
260 _aNew Delhi
_bVikas Publishing House
_c1978
300 _a216p.
_ccm.
490 _v Oth
942 _hZ2,1948vN7, L8
_cTEXL
_2CC
999 _c1076553
_d1076553